Pięć państw według jednego słowa według kontynentu - Statystyki

Ogólne statystyki
  • Ten quiz został rozwiązany 4 563 razy
    4 561 od ostatniego zresetowania
  • Średni wynik to 19 z 30
Statystyki odpowiedzi
Kontynet Słowo Państwo % Poprawnych
Afryka Faraon Egipt
99%
Europa Pierogi Polska
96%
Europa Napoleon Francja
95%
Europa Olimpiady Grecja
89%
Afryka Lemur Madagaskar
87%
Europa Gulasz Węgry
87%
Ameryka Południowa Karnawał Brazylia
85%
Ameryka Północna Komunizm Kuba
81%
Afryka Casablanca Maroko
77%
Azja Fudżi Japonia
76%
Azja Perski Iran
73%
Ameryka Północna Reggae Jamajka
72%
Ameryka Południowa Shakira Kolumbia
72%
Oceania Auckland Nowa Zelandia
72%
Afryka Zanzibar Tanzania
69%
Ameryka Północna Jukatan Meksyk
61%
Afryka Lagos Nigeria
60%
Azja Netanjahu Izrael
58%
Ameryka Południowa Holenderski Surinam
57%
Oceania Outback Australia
56%
Ameryka Południowa Cuzco Peru
56%
Ameryka Południowa Atakama Chile
54%
Europa Lucerna Szwajcaria
50%
Azja Kolombo Sri Lanka
41%
Ameryka Północna Poutine Kanada
38%
Ameryka Północna Czarnobrody Bahamy
28%
Oceania Hindi Fidżi
25%
Azja Sokotra Jemen
25%
Oceania Fosforan Nauru
21%
Oceania Gilbert Kiribati
14%
Nie znaleziono quizów pasujących do podanych kryteriów
Rozkład punktacji
Procent ludzi z każdym wynikiem
Percentyl według liczby udzielonych odpowiedzi
Twoja historia wyników
Nie rozwiązałeś tego quizu od ostatniego zresetowania